La teoría de los precios / (Record no. 148080)

MARC details
000 -LEADER
campo de control de longitud fija 00397nam a2200133 4500
001 - NÚMERO DE CONTROL
campo de control 148080
003 - IDENTIFICADOR DE NÚMERO DE CONTROL
campo de control ES-MaACL
007 - CAMPO FIJO DE DESCRIPCIÓN FÍSICA--INFORMACIÓN GENERAL
campo de control de longitud fija t|
008 - DATOS DE LONGITUD FIJA--INFORMACIÓN GENERAL
campo de control de longitud fija 070214s1953 sp r ||||1| spa d
100 1# - ENTRADA PRINCIPAL--NOMBRE DE PERSONA
Nombre de persona Stigler, George J.
9 (RLIN) 108219
245 13 - MENCIÓN DEL TÍTULO
Título La teoría de los precios /
Mención de responsabilidad, etc. George J. Stigler.
260 ## - PUBLICACIÓN, DISTRIBUCIÓN, ETC.
Lugar de publicación, distribución, etc. Madrid :
Nombre del editor, distribuidor, etc. Revista de Derecho Privado,
Fecha de publicación, distribución, etc. 1953 (
Fabricante Tip. P. López)
852 ## - LOCALIZACIÓN
Ubicación ES-MaACL
Número de control de estantería C-5880
Sublocalización o colección R.35032
Holdings
Estatus retirado Estado de pérdida Estado de daño No para préstamo Biblioteca de origen Biblioteca actual Ubicación en estantería Fecha de adquisición Fuente de adquisición Total de préstamos Signatura topográfica completa Código de barras Visto por última vez Precio de reemplazo Tipo de ítem Koha
        Biblioteca del Ateneo de Madrid Biblioteca del Ateneo de Madrid Sala Palomar 17/01/2008     C-5880 1154537 23/02/2023 23/02/2023 Libro impreso